000
00313nam a2200109Ia 4500
008
171211s9999 xx 000 0 und d
245
_a
Digital Speech, 2nd Edition
245
_c
A. M. Kondoz
260
_c
2004
650
_x
IT eBOOKS
856
_u
http://down.ebook777.com/020/Digital%20Speech,%202nd%20Edition.pdf
999
_c
349818
_d
349818